[Event "Pardubice Chladek&Tintera op-A 19th"]
[Site "Pardubice"]
[Date "2008.07.23"]
[Round "6"]
[White "Kulakov, Viacheslav"]
[Black "Bombek, Peter"]
[Result "1-0"]
[WhiteElo "2360"]
[BlackElo "2257"]
[PlyCount "87"]
[EventDate "2008.07.18"]
[EventType "swiss"]
[EventRounds "9"]
[EventCountry "CZE"]
[SourceTitle "CBM 125 Extra"]
[Source "ChessBase"]
[SourceDate "2008.09.01"]
[SourceVersion "1"]
[SourceVersionDate "2008.09.01"]
[SourceQuality "1"]

1. d4 d5 2. c4 dxc4 3. e3 e5 4. Bxc4 Nc6 5. d5 Na5 6. Qa4+ c6 7. dxc6 Nxc6 8. Bd2 Bd6 9. Ne2 Nf6 10. 0-0 0-0 11. Ng3 Qe7 12. Nc3 a6 13. Nd5 Nxd5 14. Bxd5 Bd7 15. Qb3 Rab8 16. Ne4 Bf5 17. Rac1 Bb4 18. Rfd1 Bxd2 19. Rxd2 Rfd8 20. Nc5 a5 21. a3 h6 22. h3 Bg6 23. Rdd1 Rd6 24. Ne4 Bxe4 25. Bxe4 Rbd8 26. Rxd6 Rxd6 27. Qb5 Qc7 28. Bd5 Rf6 29. Bf3 Rd6 30. Bd5 Rf6 31. Qc4 Qd7 32. Bf3 Qd2 33. Qc2 Rd6 34. Kf1 Kf8 35. Qc5 b6 36. Qc4 Qxb2 37. Bxc6 Rd2 38. Kg1 Qxa3 39. Rb1 Rb2 40. Rd1 Qe7 41. Qc3 Rb4 42. Rd7 Qe6 43. Rd8+ Ke7 44. Re8+ 1-0

[Event "Pardubice Chladek&Tintera op-A 19th"]
[Site "Pardubice"]
[Date "2008.07.21"]
[Round "4"]
[White "Kulakov, Viacheslav"]
[Black "Danielsen, Henrik"]
[Result "0-1"]
[WhiteElo "2360"]
[BlackElo "2526"]
[PlyCount "80"]
[EventDate "2008.07.18"]
[EventType "swiss"]
[EventRounds "9"]
[EventCountry "CZE"]
[SourceTitle "CBM 125 Extra"]
[Source "ChessBase"]
[SourceDate "2008.09.01"]
[SourceVersion "1"]
[SourceVersionDate "2008.09.01"]
[SourceQuality "1"]

1. e4 g6 2. d4 Bg7 3. c4 d6 4. Nc3 Nf6 5. f4 0-0 6. Nf3 c5 7. Be2 cxd4 8. Nxd4 Nc6 9. Nxc6 bxc6 10. 0-0 Qb6+ 11. Kh1 Nd7 12. Na4 Qd4 13. Qc2 Nc5 14. Nxc5 Qxc5 15. Rb1 a5 16. Bd2 Be6 17. Bd3 Rfe8 18. b3 Bd4 19. e5 Bd7 20. Rbe1 e6 21. Bc3 Bxc3 22. Qxc3 d5 23. Qc2 Reb8 24. g4 Qd4 25. Rd1 Qe3 26. Kg2 a4 27. Rf3 axb3 28. axb3 Qb6 29. Be2 Ra3 30. Rb1 Qa7 31. Rb2 Ra1 32. Bd3 Qg1+ 33. Kh3 Rc1 34. Qd2 c5 35. f5 exf5 36. Bxf5 gxf5 37. gxf5 Kh8 38. cxd5 Rg8 39. Qf4 Rg5 40. Kh4 Rxf5 0-1

[Event "Pardubice Oce op 19th"]
[Site "Pardubice"]
[Date "2008.07.12"]
[Round "5"]
[White "Kulakov, Viacheslav"]
[Black "Vacek, Martin"]
[Result "1/2-1/2"]
[WhiteElo "2360"]
[BlackElo "2320"]
[PlyCount "119"]
[EventDate "2008.07.10"]
[EventType "team"]
[EventRounds "7"]
[EventCountry "CZE"]
[SourceTitle "CBM 125 Extra"]
[Source "ChessBase"]
[SourceDate "2008.09.01"]
[SourceVersion "1"]
[SourceVersionDate "2008.09.01"]
[SourceQuality "1"]

1. d4 Nf6 2. c4 e6 3. Nf3 d5 4. Nc3 Be7 5. Bg5 h6 6. Bh4 0-0 7. e3 b6 8. cxd5 Nxd5 9. Bxe7 Qxe7 10. Nxd5 exd5 11. Be2 Be6 12. 0-0 c5 13. dxc5 bxc5 14. Qa4 Nd7 15. Rac1 Rab8 16. b3 Nf6 17. Qa3 Rfc8 18. Rc3 Ne4 19. Rc2 Re8 20. Rfc1 Bg4 21. h3 Bh5 22. Ne1 Bxe2 23. Rxe2 Qb7 24. Rec2 d4 25. Nd3 dxe3 26. fxe3 Qb6 27. Nxc5 Nxc5 28. Qxc5 Rxe3 29. Rf1 Re7 30. Qxb6 Rxb6 31. Rf4 Rd6 32. Kf2 g5 33. Rf3 Kg7 34. Rfc3 f5 35. Rc7 Rdd7 36. R7c6 Rf7 37. b4 Rd4 38. R6c4 Rfd7 39. Rxd4 Rxd4 40. Rc7+ Kf6 41. a3 a5 42. Rc6+ Kg7 43. b5 Rd2+ 44. Kg1 Rb2 45. b6 a4 46. Rc7+ Kf6 47. Rc6+ Ke5 48. Rxh6 Rb3 49. b7 Rxb7 50. Ra6 g4 51. hxg4 fxg4 52. Kh2 Rb3 53. Rxa4 Kf5 54. Ra7 Kg5 55. a4 Ra3 56. Ra5+ Kf4 57. Ra7 Ra1 58. Rf7+ Kg5 59. Ra7 Kf4 60. Rf7+ 1/2-1/2

[Event "Wch U16"]
[Site "Kemer"]
[Date "2007.11.27"]
[Round "10"]
[White "Kulakov, Viacheslav"]
[Black "Ashwath, R."]
[Result "1-0"]
[WhiteElo "2261"]
[BlackElo "2374"]
[PlyCount "75"]
[EventDate "2007.11.18"]
[EventType "swiss"]
[EventRounds "11"]
[EventCountry "TUR"]
[SourceTitle "CBM 121 Extra"]
[Source "ChessBase"]
[SourceDate "2008.01.10"]
[SourceVersion "1"]
[SourceVersionDate "2008.01.10"]
[SourceQuality "1"]

1. d4 Nf6 2. Nf3 d5 3. Bf4 c5 4. c3 cxd4 5. cxd4 Nc6 6. e3 e6 7. Nc3 Be7 8. Be2 Nh5 9. Be5 0-0 10. Nd2 Nf6 11. Bg3 a6 12. a3 Bd7 13. 0-0 Rc8 14. Nb3 Na5 15. Nxa5 Qxa5 16. b4 Qd8 17. Qb3 b5 18. Rfc1 Qb6 19. Be5 Ne8 20. e4 Bg5 21. Rc2 f6 22. Bg3 dxe4 23. h4 Bh6 24. Nxe4 Qxd4 25. Nc3 Bd2 26. Rd1 Rxc3 27. Qb2 Qb6 28. Rcxd2 Rxg3 29. Rxd7 Rg6 30. Bh5 Rh6 31. Bxe8 Rxe8 32. R1d6 Qb8 33. Qd4 Qc8 34. Rd8 Qc1+ 35. Kh2 Rxd8 36. Rxd8+ Kf7 37. Rd7+ Kg8 38. Qg4 1-0

[Event "Wch U16"]
[Site "Kemer"]
[Date "2007.11.26"]
[Round "9"]
[White "Kulakov, Viacheslav"]
[Black "Pereira, Ruben Miguel Nunes"]
[Result "0-1"]
[WhiteElo "2261"]
[BlackElo "2401"]
[PlyCount "78"]
[EventDate "2007.11.18"]
[EventType "swiss"]
[EventRounds "11"]
[EventCountry "TUR"]
[SourceTitle "CBM 121 Extra"]
[Source "ChessBase"]
[SourceDate "2008.01.10"]
[SourceVersion "1"]
[SourceVersionDate "2008.01.10"]
[SourceQuality "1"]

1. d4 Nf6 2. c4 g6 3. Nc3 d5 4. cxd5 Nxd5 5. Bd2 Bg7 6. e4 Nb6 7. Be3 0-0 8. a4 a5 9. Bb5 Na6 10. Nge2 Nb4 11. 0-0 c6 12. Bd3 Be6 13. Bb1 Bc4 14. Re1 Ba6 15. Na2 Nc4 16. Nxb4 axb4 17. Qb3 c5 18. dxc5 Nxe3 19. Qxe3 Bxb2 20. Ra2 Bg7 21. e5 Qa5 22. Rc1 Rfd8 23. f4 Rac8 24. Be4 e6 25. Nd4 Rxc5 26. Nb3 Rxc1+ 27. Qxc1 Qb6+ 28. Kh1 Bc4 29. a5 Qb5 30. Rd2 Rxd2 31. Nxd2 Bd5 32. Bxd5 exd5 33. h3 Bf8 34. Qc7 b3 35. Kh2 Qb4 36. e6 fxe6 37. Nf3 Qd6 38. Qxb7 Qxf4+ 39. Kh1 Qc1+ 0-1

[Event "Wch U20 46th"]
[Site "Yerevan"]
[Date "2007.10.15"]
[Round "12"]
[White "Khairullin, Ildar"]
[Black "Kulakov, Viacheslav"]
[Result "1-0"]
[WhiteElo "2567"]
[BlackElo "2261"]
[PlyCount "59"]
[EventDate "2007.10.03"]
[EventType "swiss"]
[EventRounds "13"]
[EventCountry "ARM"]
[SourceTitle "CBM 120 Extra"]
[Source "ChessBase"]
[SourceDate "2007.11.01"]
[SourceVersion "1"]
[SourceVersionDate "2007.11.01"]
[SourceQuality "1"]

1. e4 e5 2. Bc4 Nc6 3. Nf3 d6 4. c3 Be7 5. Qb3 Nh6 6. d4 0-0 7. Bxh6 gxh6 8. Nbd2 Bg5 9. dxe5 Nxe5 10. 0-0 Ng6 11. Rfe1 c6 12. Qc2 Kh8 13. Nd4 Ne5 14. Be2 c5 15. N4f3 f5 16. Nxe5 dxe5 17. Nf3 Qf6 18. exf5 Bxf5 19. Bd3 Rad8 20. Bxf5 Qxf5 21. Qxf5 Rxf5 22. Rxe5 Rxe5 23. Nxe5 Rd2 24. Nc4 Rc2 25. a4 Kg8 26. g3 b6 27. Rd1 a6 28. h4 Be7 29. Rd7 Kf7 30. Rb7 1-0

[Event "Wch U20 46th"]
[Site "Yerevan"]
[Date "2007.10.11"]
[Round "8"]
[White "Gevorgyan, David"]
[Black "Kulakov, Viacheslav"]
[Result "0-1"]
[WhiteElo "2141"]
[BlackElo "2261"]
[PlyCount "80"]
[EventDate "2007.10.03"]
[EventType "swiss"]
[EventRounds "13"]
[EventCountry "ARM"]
[SourceTitle "CBM 120 Extra"]
[Source "ChessBase"]
[SourceDate "2007.11.01"]
[SourceVersion "1"]
[SourceVersionDate "2007.11.01"]
[SourceQuality "1"]

1. g3 d5 2. Bg2 Nf6 3. d3 c6 4. Nf3 Bg4 5. b3 Nbd7 6. Bb2 e6 7. 0-0 Be7 8. Nbd2 0-0 9. h3 Bh5 10. e4 a5 11. a3 a4 12. b4 c5 13. c3 d4 14. cxd4 cxb4 15. axb4 b5 16. Bc3 Rc8 17. Nb1 Bxf3 18. Bxf3 Nb8 19. Qd2 Qd7 20. Na3 Rc7 21. Nc2 Rfc8 22. Ra3 Rc6 23. d5 R6c7 24. Nd4 Na6 25. Nc6 exd5 26. Nxe7+ Qxe7 27. exd5 Qd6 28. Re1 Re7 29. Rxe7 Qxe7 30. Qf4 Rxc3 31. Rxc3 Qe1+ 32. Kg2 Qxc3 33. Qd6 Qc8 34. Qb6 a3 35. d6 Nxb4 36. Qa5 a2 37. Kh2 h6 38. Be4 g6 39. Qa7 Kg7 40. Qc7 Qa6 0-1

[Event "Wch U20 46th"]
[Site "Yerevan"]
[Date "2007.10.09"]
[Round "7"]
[White "Kulakov, Viacheslav"]
[Black "Bregadze, Levan"]
[Result "1/2-1/2"]
[WhiteElo "2261"]
[BlackElo "2388"]
[PlyCount "160"]
[EventDate "2007.10.03"]
[EventType "swiss"]
[EventRounds "13"]
[EventCountry "ARM"]
[SourceTitle "CBM 120 Extra"]
[Source "ChessBase"]
[SourceDate "2007.11.01"]
[SourceVersion "1"]
[SourceVersionDate "2007.11.01"]
[SourceQuality "1"]

1. d4 Nf6 2. Nf3 e6 3. c3 c5 4. e3 b6 5. Bd3 Bb7 6. Nbd2 cxd4 7. exd4 Be7 8. 0-0 0-0 9. Qe2 d6 10. Ne4 Nxe4 11. Bxe4 Bxe4 12. Qxe4 Nd7 13. Qd3 Nf6 14. Bg5 h6 15. Bxf6 Bxf6 16. Nd2 d5 17. f4 Qd6 18. f5 e5 19. dxe5 Qxe5 20. Rae1 Qb8 21. Nf3 Qd6 22. Rd1 Rfd8 23. Nd4 Rac8 24. Nc2 Qc5+ 25. Kh1 Re8 26. Rfe1 Qf2 27. Ne3 Qxb2 28. Nxd5 Rxe1+ 29. Rxe1 Qxa2 30. Nxf6+ gxf6 31. h3 Qb3 32. Re3 a5 33. Qd4 Kh7 34. Qxf6 Rg8 35. Kh2 Qa2 36. Qc6 a4 37. c4 Qf2 38. Qe4 Rxg2+ 39. Qxg2 Qxe3 40. f6 Qe5+ 41. Kh1 Qxf6 42. Qc2+ Kg7 43. Qxa4 Qf1+ 44. Kh2 Qf2+ 45. Kh1 f5 46. Qc6 Qf1+ 47. Kh2 Qf4+ 48. Kg2 Qg5+ 49. Kf3 Qf6 50. Qd7+ Kg6 51. Qe8+ Kg5 52. Qe3+ Kh5 53. Qe8+ Qg6 54. Qe5 Qc6+ 55. Kg3 Kg6 56. h4 Qd7 57. Qe2 Qc6 58. Qe5 Qd7 59. Qe2 Qd6+ 60. Kh3 Qc6 61. Kg3 Qd7 62. Kg2 Qg7 63. Kh2 Qc7+ 64. Kg2 Qd6 65. Kh3 Kf6 66. Qb2+ Ke6 67. Qb3 Qc5 68. Qc3 Qg1 69. Qf3 Qd4 70. Qc6+ Ke5 71. Qxh6 Qd3+ 72. Kg2 Qe4+ 73. Kh3 Qg4+ 74. Kh2 Qxc4 75. Qxb6 Qxh4+ 76. Kg2 Qg4+ 77. Kf2 Qh4+ 78. Kg2 Qc4 79. Qe3+ Kd5 80. Qf3+ Qe4 1/2-1/2